• 首页
  • 本馆介绍
  • 公告通知
  • 最新文献
  • 馆藏检索
  • 电子资源
  • 读者导购
  • 参考咨询
  • 我的图书馆
  • 登录
  • 详细信息显示
  • 放入我的书架
  • 预约/预借图书
  • 作者相关作品
  • 分类相关作品
  • 丛书相关作品
  • 出版社相关作品

书目信息

  • 表格格式
  • 工作单格式
  • 卡片格式
题名:
粉墨余音
    
 
作者: 管尔东 著
分册:  
出版信息: 上海   文汇出版社  2022.03
页数: 245页
开本: 21cm
丛书名: 杭州青年作家文丛
单 册:
中图分类: J805.2
科图分类:
主题词: 戏曲评论--xi qu ping lun--中国--文集
电子资源:
ISBN: 978-7-5496-3761-4
000 01393nam 2200289 450
001 CAL 0120227405578
005 20230217093112.0
010    @a978-7-5496-3761-4@dCNY58.00
100    @a20220518d2022 em y0chiy0120 ea
101 0  @achi
102    @aCN@b310000
105    @ay a 000by
106    @ar
200 1  @a粉墨余音@Afen mo yu yin@e戏剧曲艺随笔@f管尔东著
210    @a上海@c文汇出版社@d2022.03
215    @a245页@d21cm
225 2  @a杭州青年作家文丛@Ahang zhou qing nian zuo jia wen cong
314    @a管尔东, 博士, 毕业于南京大学。杭州师范大学副教授、硕士生导师。兼任浙江省作家协会会员、浙江省戏剧家协会会员。
320    @a有书目
330    @a本书为艺术评论集, 为杭州作协文艺创作基金支持项目, 集中了作者近年来有关戏剧、曲艺、话剧的主要研究成果, 主要内容包括对中国戏剧运作机制和发展路径的整体观照, 对当代戏曲现状的深入剖析, 结合当下实际对未来传统演艺发展策略的开拓性研究, 以及对当下部分代表性文艺作品的具体分析。如《论苏州评弹中的“小闲话”》《论苏州弹词的单档表演》《论苏州弹词中小人物的重要意义和创作方法》《论戏曲剧本创作的现状与对策》《论当下戏曲创作中的改编现象》《戏曲的两种“形式大于内容”》等。
410  0 @12001 @a杭州青年作家文丛
517 1  @a戏剧曲艺随笔@Axi ju qu yi sui bi
606 0  @a戏曲评论@Axi qu ping lun@y中国@j文集
690    @aJ805.2@v5
701  0 @a管尔东@Aguan er dong@4著
801  0 @aCN@bBJXHZP@c20230228
905    @b1400534-7@dJ805.2@e157@f4
    
    粉墨余音:戏剧曲艺随笔/管尔东著.-上海:文汇出版社,2022.03
    245页;21cm.-(杭州青年作家文丛)
    
    
    ISBN 978-7-5496-3761-4:CNY58.00
    本书为艺术评论集, 为杭州作协文艺创作基金支持项目, 集中了作者近年来有关戏剧、曲艺、话剧的主要研究成果, 主要内容包括对中国戏剧运作机制和发展路径的整体观照, 对当代戏曲现状的深入剖析, 结合当下实际对未来传统演艺发展策略的开拓性研究, 以及对当下部分代表性文艺作品的具体分析。如《论苏州评弹中的“小闲话”》《论苏州弹词的单档表演》《论苏州弹词中小人物的重要意义和创作方法》《论戏曲剧本创作的现状与对策》《论当下戏曲创作中的改编现象》《戏曲的两种“形式大于内容”》等。
●
相关链接 在E读中查询图书 在五车中查询图书 在当当中查询图书 在豆瓣中查询图书


正题名:粉墨余音     索取号:J805.2/157         预约/预借

序号 登录号 条形码 馆藏地/架位号 状态 备注
1 1400534   214005342   第一样本阅览室/ [索取号:J805.2/157] 在馆    
2 1400535   214005351   第一借阅区/ [索取号:J805.2/157] 在馆    
3 1400536   214005360   第一借阅区/ [索取号:J805.2/157] 在馆    
4 1400537   214005379   第一借阅区/ [索取号:J805.2/157] 在馆    
唐山师范学院图书馆 欢迎您!
大连网信软件有限公司© 版权所有